Statistics for This Day in Sports (August 21)

Click here to take the quiz!

General Stats

  • This quiz has been taken 5 times
  • The average score is 5 of 8

Answer Stats

QuestionAnswer% Correct
1936: This NBA star, who once scored 100 points in a game, is born.Wilt Chamberlain
100%
2004: This American swimmer wins his 6th gold medal.Michael Phelps
80%
2016: This Oklahoma City Thunder star scores 30 points to help the USA beat Serbia for the basketball gold medal.Russell Westbrook
80%
2008: This country beats Brazil for the women’s soccer gold medal.USA
80%
1925: FC Emmen is founded in what country?Netherlands
60%
1967: Kansas City Royal Ken Harrelson becomes the MLB’s first what?Free Agent
40%
2004: This Asian country dominates the archery competition at the Olympic’s.South Korea
40%
1977: Donna Patterson Brice breaks the women’s record for highest speed (111.11mph) in what sport?Water Skiing
20%

Score Distribution

Percentile by Number Answered

Percent of People with Each Score

Your Score History

You have not taken this quiz